Survivor Most Votes Voided by Hidden Immunity Idols/Advantages - Statistics

General Stats
  • This quiz has been taken 14 times
  • The average score is 19 of 35
Answer Stats
Number of Votes Voided Answer % Correct
12 Kelley Wentworth
100%
5 Parvati Shallow
91%
11 Russell Hantz
91%
11 Ben Driebergen
82%
8 Jeremy Collins
82%
9 Tai Trang
82%
5 David Wright
73%
11 Kaleb Gebrewold
73%
3 Sarah Lacina
73%
4 Denise Stapley
64%
5 Kellee Kim
64%
4 Mike Holloway
64%
7 Natalie Anderson
64%
8 Rick Devens
64%
4 Amanda Kimmel
55%
3 Chris Underwood
55%
4 Yau-Man Chan
55%
4 Adam Klein
45%
5 Christian Hubicki
45%
9 Davie Rickenbacker
45%
5 Jonathan Penner
45%
4 Jon Misch
45%
3 Kyle Fraser
45%
6 Malcolm Freberg
45%
7 Michael Yerger
45%
3 Tom Westman
45%
5 Carolyn Rivera
36%
5 Dean Kowalski
36%
3 Keith Nale
36%
6 Danny Massa
27%
7 Jenn Brown
27%
6 Julie Alley
27%
7 Karishma Patel
27%
3 Rachel LaMont
27%
3 Abi-Maria Gomes
18%
No matching quizzes found
Score Distribution
Percent of People with Each Score
Percentile by Number Answered
Your Score History
You have not taken this quiz